Poštovní věstník : Ministerstvo dopravy a spojů
| Předchozí název: |
Věstník spojů |
|---|---|
| Korporativní autor: | Česko. Ministerstvo dopravy a spojů |
| Jazyk: | Čeština |
| Vydáno: |
Praha : Nadatur, 1993-2012 Praha : Ministerstvo dopravy a spojů ČR Praha : Český telekomunikační úřad |
| Témata: | |
| Externí odkaz: |
Online verze
|
| Fyzický popis: |
^^^sv. ; 30 cm |
| Odebírané ročníky: |
1993-97,2000-12 |
| LEADER | 04104nas a2200649 a 4500 | ||
|---|---|---|---|
| 001 | cps19950358522 | ||
| 003 | CZ PrNK | ||
| 005 | 20141119100005.0 | ||
| 007 | ta | ||
| 008 | 930213d19932012xr ux p 0 0cze | ||
| 015 | |a cnb000358522 | ||
| 022 | |a 1211-2704 | ||
| 040 | |a ABA001 |b cze |d BOA001 |d ABA001 | ||
| 043 | |a e-xr--- |b e-xr-pg |2 czenas | ||
| 072 | 7 | |a 656.8 |x Poštovní služby a správa |2 Konspekt |9 4 | |
| 080 | |a 050 |2 MRF-sel | ||
| 080 | |a 656.8 |2 MRF-sel | ||
| 210 | 0 | |a Pošt. věstn. | |
| 222 | 0 | |a Poštovní věstník | |
| 245 | 0 | 0 | |a Poštovní věstník : |b Ministerstvo dopravy a spojů |
| 260 | |a Praha : |b Nadatur, |c 1993-2012 | ||
| 260 | 2 | |3 [200-]-[200-] |a Praha : |b Ministerstvo dopravy a spojů ČR | |
| 260 | 3 | |3 [200-]-2012 |a Praha : |b Český telekomunikační úřad | |
| 300 | |a ^^^sv. ; |c 30 cm | ||
| 310 | |a 1x měsíčně |b 2011-2012 | ||
| 321 | |a Vychází nepravidelně | ||
| 321 | |a 1x za 2 týdny | ||
| 362 | 0 | |a Č. 1 (1993)-č. 10 (2012) | |
| 541 | |c pv | ||
| 500 | |a Podnázev v tiráži: publikační sbírka v oblasti poštovních služeb | ||
| 650 | 0 | 7 | |a poštovní služby |7 ph137816 |2 czenas |
| 653 | 0 | |a pošty |a věstníky |a spoje |a telekomunikace | |
| 655 | 7 | |a časopisy orgánů státní správy |7 fd201764 |2 czenas | |
| 710 | 1 | |a Česko. |b Ministerstvo dopravy a spojů |7 ko20010091980 | |
| 780 | 0 | 0 | |t Věstník spojů |x 0862-4844 |
| 856 | 4 | 1 | |3 Online verze |u http://www.ctu.cz/aktuality/postovni-vestnik/obecne-informace.html |4 N |
| 910 | 2 | |a BOA001 |b 02905-0314.477 |r 1993-97,2000-12 | |
| 990 | |a SE | ||
| 995 | |a 01 | ||
| 996 | 6 | |b 2610061184 |c 02905-0314.477 |d 1996 1-26 |y 1996 |l MZK |r Sklad / do 1 hodiny |n 0 |p p.v. |w 000164596 |u 000010 |a 1 |e BOA001 |j MZK50 |s P | |
| 996 | 6 | |b 2610095415 |c 02905-0314.477 |d 1997 1-26 |y 1997 |l MZK |r Sklad / do 1 hodiny |n 0 |p p.v. |w 000164596 |u 000020 |a 1 |e BOA001 |j MZK50 |s P | |
| 996 | 6 | |b 2610178172 |c 02905-0314.477 |d 2000 1-12 |v 2000 |i 1-12 |y 2000 |l MZK |r Sklad / do 1 hodiny |n 0 |p p.v. |w 000164596 |u 000420 |a 1 |e BOA001 |j MZK50 |s P | |
| 996 | 6 | |b 2610178173 |c 02905-0314.477 |d 2001 1-12 |v 2001 |i 1-12 |y 2001 |l MZK |r Sklad / do 1 hodiny |n 0 |p p.v. |w 000164596 |u 000430 |a 1 |e BOA001 |j MZK50 |s P | |
| 996 | 6 | |b 2610218936 |c 02905-0314.477 |d 2002 1-12 |v 2002 |i 1-12 |y 2002 |l MZK |r Sklad / do 1 hodiny |n 0 |p p.v. |w 000164596 |u 000600 |a 1 |e BOA001 |j MZK50 |s P | |
| 996 | 6 | |b 2610218937 |c 02905-0314.477 |d 2003 1-12 |v 2003 |i 1-12 |y 2003 |l MZK |r Sklad / do 1 hodiny |n 0 |p p.v. |w 000164596 |u 000610 |a 1 |e BOA001 |j MZK50 |s P | |
| 996 | 6 | |b 2610275975 |c 02905-0314.477 |d 2004 1-9 |v 2004 |i 1-9 |y 2004 |l MZK |r Sklad / do 1 hodiny |n 0 |p p.v. |w 000164596 |u 000870 |a 1 |e BOA001 |j MZK50 |s P | |
| 996 | 6 | |b 2610275976 |c 02905-0314.477 |d 2005 1-14 |v 2005 |i 1-14 |y 2005 |l MZK |r Sklad / do 1 hodiny |n 0 |p p.v. |w 000164596 |u 000880 |a 1 |e BOA001 |j MZK50 |s P | |
| 996 | 6 | |b 2610308968 |c 02905-0314.477 |d 2006 1-12 |v 2006 |i 1-12 |y 2006 |l MZK |r Sklad / do 1 hodiny |n 0 |p p.v. |w 000164596 |u 001080 |a 1 |e BOA001 |j MZK50 |s P | |
| 996 | 6 | |b 2610336893 |c 02905-0314.477 |d 2007 1-13 |v 2007 |i 1-13 |y 2007 |l MZK |r Sklad / do 1 hodiny |n 0 |p p.v. |w 000164596 |u 001230 |a 1 |e BOA001 |j MZK50 |s P | |
| 996 | 6 | |b 2610364220 |c 02905-0314.477 |d 2008 1-12 |v 2008 |i 1-12 |y 2008 |l MZK |r Sklad / do 1 hodiny |n 0 |p p.v. |w 000164596 |u 001370 |a 1 |e BOA001 |j MZK50 |s P | |
| 996 | 6 | |b 2610412283 |c 02905-0314.477 |d 2009 1-12 |v 2009 |i 1-12 |y 2009 |l MZK |r Sklad / do 1 hodiny |n 0 |p p.v. |w 000164596 |u 001500 |a 1 |e BOA001 |j MZK50 |s P | |
| 996 | 6 | |b 2610469673 |c 02905-0314.477 |d 2010 1-11 |v 2010 |i 1-11 |y 2010 |l MZK |r Sklad / do 1 hodiny |n 0 |p p.v. |w 000164596 |u 001640 |a 1 |e BOA001 |j MZK50 |s P | |
| 996 | 6 | |b 2610522991 |c 02905-0314.477 |d 2011 1-12 |v 2011 |i 1-12 |y 2011 |l MZK |r Sklad / do 1 hodiny |n 0 |p p.v. |w 000164596 |u 001510 |a 1 |e BOA001 |j MZK50 |s P | |
| 996 | 6 | |b 2610603584 |c 02905-0314.477 |d 2012 1-11 |v 2012 |i 1-11 |y 2012 |l MZK |r Sklad / do 1 hodiny |n 0 |p p.v. |w 000164596 |u 001890 |a 1 |e BOA001 |j MZK50 |s P | |
| 996 | 6 | |b 2619713412 |c 02905-0314.477 |d 1995 |y 1995 |l MZK |r Sklad / do 1 hodiny |n 0 |w 000164596 |u 000310 |a 1 |e BOA001 |j MZK50 |s P | |
| 996 | 6 | |b 2619713413 |c 02905-0314.477 |d 1994 |y 1994 |l MZK |r Sklad / do 1 hodiny |n 0 |w 000164596 |u 000300 |a 1 |e BOA001 |j MZK50 |s P | |
| 996 | 6 | |b 2619713414 |c 02905-0314.477 |d 1993 |y 1993 |l MZK |r Sklad / do 1 hodiny |n 1 |w 000164596 |u 000290 |a 1 |e BOA001 |j MZK50 |s P | |
English
Čeština 